000 00528nam a2200217Ia 4500
003 OSt
005 20220928135456.0
006 a|||||r|||| 00| 0
007 ta
008 220927b |||||||| |||| 00| 0 eng d
024 _a2435
037 _cTextual
040 _aSDCL
_cSDCL
_beng
041 _2eng
_aeng
082 _aO-,1K08:g, L8
100 _aLe Comte Edward
_9490897
245 0 _aMilton and sex
260 _c1978
942 _hO-,1K08:g, L8
_cTEXL
_2CC
999 _c806246
_d806246